00605nam a22001817a 450000500170000001000150001702000110003203500140004303700130005708200110007024501140008126000310019527001030022630000220032950000250035170000260037670000210040220220923121117.0 aENG-135188 c150.00 aEN-118720 bDBAD/PUB a954.33 aKerala Talkies-2:bWelcoming 90th Year Of Malayalam Cinema/cEdited By Girish Balakrishnan and Midhun Krishna aKeralabChintha Publishers aVivekanandha NagarbThiruvananthapurame695035k0471 2303026, 6063026mchinthapublishers@gmail.com a135p.c24cm.(pbk) aCinema Of Resistance aBalakrishnan, Girish. aKrishna, Midhun.